000 00566nam a22002057a 4500
003 koha_MIRAKIL
005 20231213100006.0
008 231213b |||||||| |||| 00| 0 ||| d
020 _b978-9-75289694-9
040 _aTR-IsEVY
_btur
_cTR-IsEVY
082 _a813.42 İLK
100 _ahaz. Selim İleri.
245 0 _aİlkgençlik çağına öyküler 2
250 _a16. bs.
260 _bEverest Yayınları,
_c2015
300 _aX, 274 s.
650 _aTürk edebiyatı -- Öyküler.
650 _aTurkish literature -- Short stories.
942 _2ddc
_cBK
999 _c12743
_d12743